Povinnosti SZČO a platenie poistného od 1. júla 2011

Vznik a zánik povinného sociálneho poistenia a ďalších povinností v sociálnom poistení pre samostatne zárobkovo činné osoby podľa zákona č. 461/2003 Z. z. o sociálnom poistení. Prihlasovacia povinnosť SZČO.

Na minha lista:
Detalhes bibliográficos
Autor principal: Karnetová, Jana
Formato: Capítulo de Livro
Idioma:eslovaco
Assuntos:
Tags: Adicionar Tag
Sem tags, seja o primeiro a adicionar uma tag!

MARC

LEADER 00000naa a2200000 4500
001 0137095
005 20220729105220.0
041 0 |a slo 
044 |a SK 
245 1 0 |a Povinnosti SZČO a platenie poistného od 1. júla 2011  |c Jana Karnetová 
520 |a Vznik a zánik povinného sociálneho poistenia a ďalších povinností v sociálnom poistení pre samostatne zárobkovo činné osoby podľa zákona č. 461/2003 Z. z. o sociálnom poistení. Prihlasovacia povinnosť SZČO. 
610 2 0 |a poistenie sociálne 
610 2 0 |a poistenie nemocenské 
610 2 0 |a poistenie dôchodkové 
610 2 0 |a čiastka poistná 
610 2 0 |a zabezpečenie sociálne 
610 2 0 |a základ vymeriavací 
610 2 0 |a poistné 
610 2 0 |a osoby samostatne zárobkovo činné 
100 1 |a Karnetová, Jana